<?xml version="1.0" encoding="UTF-8"?>
<collection xmlns="http://www.loc.gov/MARC21/slim">
    <record>
        <controlfield tag="001">85125</controlfield>
        <controlfield tag="005">20191118101519.0</controlfield>
        <datafield tag="037" ind1=" " ind2=" ">
            <subfield code="a">TAZ-TFG-2019-3223</subfield>
        </datafield>
        <datafield tag="041" ind1=" " ind2=" ">
            <subfield code="a">spa</subfield>
        </datafield>
        <datafield tag="100" ind1="1" ind2=" ">
            <subfield code="a">Visiedo Lafuente, Víctor</subfield>
        </datafield>
        <datafield tag="242" ind1="0" ind2="0">
            <subfield code="a">Development test strip for the determination of cadaverine and putrescine: study of enzymatic stabilizers</subfield>
        </datafield>
        <datafield tag="245" ind1="0" ind2="0">
            <subfield code="a">Desarrollo de tiras reactivas para la determinación de cadaverina y putrescina: estudio de estabilizadores enzimáticos</subfield>
        </datafield>
        <datafield tag="260" ind1=" " ind2=" ">
            <subfield code="a">Zaragoza</subfield>
            <subfield code="b">Universidad de Zaragoza</subfield>
            <subfield code="c">2019</subfield>
        </datafield>
        <datafield tag="506" ind1=" " ind2=" ">
            <subfield code="a">by-nc-sa</subfield>
            <subfield code="b">Creative Commons</subfield>
            <subfield code="c">3.0</subfield>
            <subfield code="u">http://creativecommons.org/licenses/by-nc-sa/3.0/</subfield>
        </datafield>
        <datafield tag="520" ind1=" " ind2=" ">
            <subfield code="a">Las aminas biógenas son compuestos nitrogenados de bajo peso molecular y una&lt;br />importante actividad biológica. Estas se forman, principalmente, por la degradación de&lt;br />proteínas y aminoácidos libres que en determinadas concentraciones pueden producir&lt;br />intoxicaciones o reacciones alérgicas.&lt;br />Las aminas biógenas más importantes son la histamina, putrescina, cadaverina y&lt;br />tiramina. De éstas, la histamina es la que mayor poder toxicológico presenta, no obstante,&lt;br />por la acción de otras aminas como la putrescina y la cadaverina, este poder toxicológico&lt;br />puede verse aumentado. La elevada ingesta estas aminas biógenas puede producir&lt;br />intoxicaciones, cuyo cuadro clínico se desarrolla, entre otros, con dolores de cabeza,&lt;br />cólicos, erupciones, etc&lt;br />Es por ello que es importante disponer de métodos rápidos para su determinación,&lt;br />"in situ", en la industria alimentaria, que puedan ser utilizados como indicativo de calidad&lt;br />y herramienta de seguridad en la misma.&lt;br />La determinación de cadaverina y putrescina propuesta en este trabajo, se basa en&lt;br />su reacción con la enzima diaminooxidasa (DAO) produciendo peróxido de hidrógeno&lt;br />que reacciona con la enzima peroxidasa (HRP) en presencia de un colorante, cuyas&lt;br />propiedades ópticas cambian durante la reacción. Este método semicuantitativo, permite&lt;br />el análisis de putrescina y cadaverina, usando para ello estas tiras reactivas y una&lt;br />aplicación móvil.&lt;br />La inmovilización de los reactivos en un soporte de celulosa ha permitido el&lt;br />desarrollo de tiras reactivas con buenos resultados, pero corto tiempo de uso. Este trabajo&lt;br />se centra en el desarrollo de tiras reactivas de larga vida útil, utilizando para ello&lt;br />estabilizantes enzimáticos.&lt;br />&lt;br /></subfield>
        </datafield>
        <datafield tag="521" ind1=" " ind2=" ">
            <subfield code="a">Graduado en Ciencia y Tecnología de los Alimentos</subfield>
        </datafield>
        <datafield tag="540" ind1=" " ind2=" ">
            <subfield code="a">Derechos regulados por licencia Creative Commons</subfield>
        </datafield>
        <datafield tag="700" ind1=" " ind2=" ">
            <subfield code="a">Sanz Vicente, María Isabel</subfield>
            <subfield code="e">dir.</subfield>
        </datafield>
        <datafield tag="710" ind1="2" ind2=" ">
            <subfield code="a">Universidad de Zaragoza</subfield>
            <subfield code="b">Química Analítica</subfield>
            <subfield code="c">Química Analítica</subfield>
        </datafield>
        <datafield tag="856" ind1="0" ind2=" ">
            <subfield code="f">700165@celes.unizar.es</subfield>
        </datafield>
        <datafield tag="856" ind1="4" ind2=" ">
            <subfield code="s">775946</subfield>
            <subfield code="u">http://zaguan.unizar.es/record/85125/files/TAZ-TFG-2019-3223.pdf</subfield>
            <subfield code="y">Memoria (spa)</subfield>
        </datafield>
        <datafield tag="909" ind1="C" ind2="O">
            <subfield code="o">oai:zaguan.unizar.es:85125</subfield>
            <subfield code="p">driver</subfield>
            <subfield code="p">trabajos-fin-grado</subfield>
        </datafield>
        <datafield tag="950" ind1=" " ind2=" ">
            <subfield code="a"></subfield>
        </datafield>
        <datafield tag="951" ind1=" " ind2=" ">
            <subfield code="a">deposita:2019-11-18</subfield>
        </datafield>
        <datafield tag="980" ind1=" " ind2=" ">
            <subfield code="a">TAZ</subfield>
            <subfield code="b">TFG</subfield>
            <subfield code="c">VET</subfield>
        </datafield>
        <datafield tag="999" ind1=" " ind2=" ">
            <subfield code="a">20190915215517.CREATION_DATE</subfield>
        </datafield>
    </record>

    
</collection>